000 00360nam a2200145Ia 4500
005 20251222144910.0
008 251222s9999||||xx |||||||||||||| ||spa||
020 _a9972613119
082 _a320/B25
100 _aBenzo Mestre, Miguel
245 0 _aUn Nuevo Horizonte PolĂ­tico
250 _a1ra.ed.
264 _bInstituto Nacional de Cultura
942 _cLIB
999 _c22310
_d22310